C-Myb is an evolutionary conserved Mir-150 target and Mir-150/c-myb interaction is important for embryonic development /
Enregistré dans:
| Autres auteurs: | , , , , , , |
|---|---|
| Format: | Article |
| Langue: | English |
| Sujets: | |
| Tags: |
Ajouter un tag
Pas de tags, Soyez le premier à ajouter un tag!
|
| Thư viện lưu trữ: | Thư viện Trường Đại học Đà Lạt |
|---|
| LEADER | 01048nam a2200325 4500 | ||
|---|---|---|---|
| 001 | DLU090067547 | ||
| 005 | ##20090420 | ||
| 040 | # | # | |a DLU |b eng |
| 041 | # | # | |a eng |
| 044 | # | # | |a UK |
| 245 | # | # | |a C-Myb is an evolutionary conserved Mir-150 target and Mir-150/c-myb interaction is important for embryonic development / |c You-Chin Lin, Ming-Wei Kuo, John Yu, Huan-Hsien Kuo, Ruey-Jen Lin, Wan-Lin Lo, Alice L. Yu. |
| 653 | # | # | |a C-Myb |
| 653 | # | # | |a MicroRNA |
| 700 | # | # | |a Kuo, Huan-Hsien. |
| 700 | # | # | |a Kuo, Ming-Wei. |
| 700 | # | # | |a Lin, Ruey-Jen. |
| 700 | # | # | |a Lin, You-Chin. |
| 700 | # | # | |a Lo, Wan-Lin. |
| 700 | # | # | |a Yu, Alice L. |
| 700 | # | # | |a Yu, John. |
| 773 | # | # | |t Molecular Biology and Evolution |g Vol. 25, no. 10 (October 2008), p. 2189-2198 |
| 920 | # | # | |a Phòng Tạp chí -- Trung tâm Thông tin - Thư viện Trường Đại học Đà Lạt |
| 994 | # | # | |a DLU |
| 900 | # | # | |a True |
| 911 | # | # | |a Trương Bảo Trâm Anh |
| 925 | # | # | |a G |
| 926 | # | # | |a A |
| 927 | # | # | |a BB |
| 980 | # | # | |a Thư viện Trường Đại học Đà Lạt |